Statistics for Countries relations to the United States

Click here to take the quiz!

General Stats

  • This quiz has been taken 23 times
  • The average score is 49 of 80

Answer Stats

QuestionTileSelect% Correct
Countries that hate the United StatesRussiaYes
100%
Countries that hate the United StatesSouth KoreaNo
100%
Countries that hate the United StatesIranYes
94%
Countries that have ok relations with the United StatesIranNo
94%
Countries that hate the United StatesMongoliaNo
94%
Countries that love the United StatesAlbaniaNo
89%
Countries that love the United StatesChinaNo
89%
Countries that hate the United StatesChinaYes
89%
Countries that love the United StatesCubaNo
89%
Countries that love the United StatesIndonesiaNo
89%
Countries that like the United StatesIraqNo
89%
Countries that hate the United StatesIsraelNo
89%
Countries that hate the United StatesNorth KoreaYes
89%
Countries that love the United StatesVietnamNo
89%
Us best friendsAlgeriaNo
83%
Us best friendsArgentinaNo
83%
Countries that love the United StatesArgentinaNo
83%
Countries that love the United StatesBangladeshNo
83%
Countries that like the United StatesBoliviaNo
83%
Us best friendsIranNo
83%
Us best friendsIraqNo
83%
Us best friendsMauritaniaNo
83%
Us best friendsMyanmarNo
83%
Countries that love the United StatesTurkeyNo
83%
Countries that like the United StatesArgentinaNo
78%
Countries that hate the United StatesAzerbaijanNo
78%
Us best friendsEcuadorNo
78%
Countries that hate the United StatesEgyptNo
78%
Us best friendsIcelandNo
78%
Countries that hate the United StatesKuwaitNo
78%
Countries that like the United StatesParaguayNo
78%
Countries that hate the United StatesSyriaYes
78%
Countries that hate the United StatesVenezuelaYes
78%
Countries that love the United StatesBahamasNo
72%
Us best friendsColombiaNo
72%
Us best friendsIndiaNo
72%
Countries that like the United StatesUruguayNo
72%
Countries that hate the United StatesVietnamNo
72%
Countries that have ok relations with the United StatesMongoliaYes
67%
Countries that hate the United StatesSaudi ArabiaNo
67%
Countries that like the United StatesChileNo
61%
Us best friendsNorwayNo
61%
Us best friendsSwedenNo
61%
Countries that like the United StatesAustraliaNo
56%
Countries that have ok relations with the United StatesAustriaNo
56%
Countries that have ok relations with the United StatesColombiaNo
56%
Countries that have ok relations with the United StatesGermanyNo
56%
Countries that have ok relations with the United StatesIndiaNo
56%
Countries that like the United StatesNew ZealandNo
56%
Countries that love the United StatesUkraineNo
56%
Countries that like the United StatesAustriaYes
50%
Countries that have ok relations with the United StatesBrazilYes
50%
Us best friendsCanadaYes
50%
Countries that have ok relations with the United StatesEgyptYes
50%
Countries that love the United StatesGermanyYes
50%
Countries that have ok relations with the United StatesJapanNo
50%
Countries that have ok relations with the United StatesLesothoYes
50%
Countries that have ok relations with the United StatesTaiwanNo
50%
Us best friendsAustraliaYes
44%
Countries that like the United StatesCzechiaYes
44%
Countries that love the United StatesIsraelYes
44%
Countries that like the United StatesItalyYes
44%
Countries that have ok relations with the United StatesNigerYes
44%
Countries that like the United StatesSwitzerlandYes
44%
Countries that love the United StatesFranceYes
39%
Countries that like the United StatesHungaryYes
39%
Countries that love the United StatesPhilippinesYes
39%
Us best friendsIrelandYes
33%
Countries that like the United StatesMalaysiaYes
33%
Countries that have ok relations with the United StatesMexicoYes
33%
Us best friendsNew ZealandYes
33%
Countries that like the United StatesIndiaYes
28%
Countries that like the United StatesNigeriaYes
28%
Countries that love the United StatesSaudi ArabiaYes
22%
Countries that hate the United StatesIraqNo
17%
Countries that have ok relations with the United StatesPakistanYes
17%
Countries that love the United StatesChileYes
11%
Countries that have ok relations with the United StatesIraqYes
11%
Countries that have ok relations with the United StatesAfghanistanYes
6%
Countries that hate the United StatesTurkeyYes
6%

Score Distribution

Percentile by Number Answered

Percent of People with Each Score

Your Score History

You have not taken this quiz